00349 a2200109 4500001001000000005001700010008004100027245005900068100002300127700001800150773007100168ART_4381820260410162025.0260409a 10aUnemployment compensation finance and efficiency wages1 aAlbrecht, James W.1 aVroman, Susan0 tJournal of labor economicsg- Vol. 17, NÂș 1 (ene. 1999)wREV43438